00410nam a2200169Ia 4500008004100000020001800041050001400059100001600073245003500089245001500124260001500139260001700154260000900171300001400180300002500194440002100219180207s9999 xx 000 0 und d a9780717285891 bB534 2005 aBerry, Joy. 2aA book about being forgetful / cJoy Berry. aNew York : bScholastic,  c2005 aunpaged : bcolor illustration ; aHelp me be good!